Los Cónclaves y la influencia de la iglesia en los procesos electorales en referencia a la democracia venezolana /
Gespeichert in:
| 1. Verfasser: | |
|---|---|
| Format: | Text |
| Tags: |
Tag hinzufügen
Keine Tags, Fügen Sie den ersten Tag hinzu!
|
MARC
| LEADER | 00000 a a2200000 04500 | ||
|---|---|---|---|
| 001 | 4628 | ||
| 003 | |||
| 040 | |||
| 090 | |a REV1025 (36) 2006 | ||
| 100 | |a González González, George | ||
| 245 | |a Los Cónclaves y la influencia de la iglesia en los procesos electorales en referencia a la democracia venezolana / |c George González González | ||
| 773 | |g número 36 (enero-junio, 2006), páginas 155-175. | ||
| 999 | |c 23689 |d 23689 | ||
